00825 a2200193 4500020001500000040001300015082001400028100002400042245011700066260005300183300003200236440005700268650004400325700003100369700002700400942002600427999001500453952016300468 a013125295X aDLCbDLC00a621.382/21 aSrinath, Mandyam D.10aIntroduction to statistical signal processing with applications cM.D. Srinath, P.K. Rajasekaran, R. Viswanathan aEnglewood Cliffs, N.J. :bPrentice Hall,cc1996. ax, 450 p. :bill. ;c24 cm. 0aPrentice Hall information and system sciences series 0aSignal processingxStatistical methods.1 aRajasekaran, P. K.,d1942-1 aViswanathan, R.d1953- cBKk621.3822 SRI2ddc c8785d8785 001040708NFICaCLbCLcGENd2007-05-24eProgressive International Agenciesg157.50l1m1o621.3822 SRIpSEECS008502r2014-09-03s2014-06-14w2017-01-05yBK